| 000 | 01356cad a22002175a 4500 | ||
|---|---|---|---|
| 001 | L157041 | ||
| 008 | 120817s2012 xxk 000 0 eng d | ||
| 035 | _a(Sirsi) u157041 | ||
| 041 | 0 | _aeng | |
| 110 | 2 |
_aJones Lang LaSalle _93755 |
|
| 245 | 0 | 0 |
_aAsia Pacific property digest second quarter 2012 _bleasing moderates, investment rebounds _h[electronic resource] |
| 260 |
_a[S.l.] _bJLL _c2012 |
||
| 490 | 0 |
_aJones Lang LaSalle Asia Pacific Property Digest _vQ2 2012 |
|
| 520 | _aIn Q2 2012 regional leasing activity levels were moderately lower than for the same period in 2011. Commercial real estate investment activity in contrast rebounded during the quarter. The Asia Pacific economy is forecast to outpace the rest of the world in the second half of 2012 and rents and capital values will see further moderate increases in most locations. Provides data on the office, retail, residential, industrial, and hotels markets in major cities across the region, prefaced by feature articles on themes relating to the Asia Pacific region, China, India, Vietnam, Australia. | ||
| 590 | _aKA NTK | ||
| 651 | 4 | _aAsia Pacific | |
| 690 |
_aCommercial property _96227 |
||
| 690 |
_aResidential property _96266 |
||
| 856 | 4 | 0 |
_uhttps://www.joneslanglasalle.co.in/India/EN-GB/Pages/ResearchFilter.aspx _zView the report at www.joneslanglasalle.co.uk |
| 942 | _n0 | ||
| 999 |
_c84245 _d84245 |
||